Can the taxman save Britain's deprived areas? (Record no. 67807)

MARC details
000 -LEADER
fixed length control field 01151cam a2200241 4500
001 - CONTROL NUMBER
control field ABS64309
008 - FIXED-LENGTH DATA ELEMENTS--GENERAL INFORMATION
fixed length control field 010726n2001 000 0 eng u
035 ## - SYSTEM CONTROL NUMBER
System control number (Sirsi) u113819
100 ## - MAIN ENTRY--PERSONAL NAME
Personal name Gosling, P.
245 ## - TITLE STATEMENT
Title Can the taxman save Britain's deprived areas?
260 ## - PUBLICATION, DISTRIBUTION, ETC.
Date of publication, distribution, etc. 2001
490 ## - SERIES STATEMENT
Series statement Regeneration and Renewal
Volume/sequential designation 6 July 2001, 16-17(2)
520 ## - SUMMARY, ETC.
Summary, etc. Questions whether government's proposed planned community investment tax credit is workable, amid growing caution from community banks. Community investment tax credits were introduced in 2000 in the Social Investment Task Force's report "Regeneration & Renewal" and are intended to atttract more private money into the UK's deprived areas. Highlights the procedural complications which could occur, and outlines the Aston Reinvestment Trust as used by the Task Force as an example of good practice.
590 ## - LOCAL NOTE (RLIN)
Local note ABS
650 ## - SUBJECT ADDED ENTRY--TOPICAL TERM
Topical term or geographic name entry element SOCIAL INVESTMENT TASKFORCE
650 ## - SUBJECT ADDED ENTRY--TOPICAL TERM
Topical term or geographic name entry element COMMUNITY INVESTMENT TAX CREDIT
650 ## - SUBJECT ADDED ENTRY--TOPICAL TERM
Topical term or geographic name entry element TAX CREDITS
650 ## - SUBJECT ADDED ENTRY--TOPICAL TERM
Topical term or geographic name entry element DEPRIVED AREAS
650 ## - SUBJECT ADDED ENTRY--TOPICAL TERM
Topical term or geographic name entry element COMMUNITY DEVELOPMENT FINANCE INITIATIVES
650 ## - SUBJECT ADDED ENTRY--TOPICAL TERM
Topical term or geographic name entry element INVESTMENT
690 ## - LOCAL SUBJECT ADDED ENTRY--TOPICAL TERM (OCLC, RLIN)
Topical term or geographic name as entry element TAXATION
942 ## - ADDED ENTRY ELEMENTS (KOHA)
Suppress in OPAC 0
Holdings
Withdrawn status Lost status Source of classification or shelving scheme Damaged status Not for loan Home library Current library Shelving location Date acquired Total Checkouts Full call number Barcode Date last seen Copy number Price effective from Koha item type
    Dewey Decimal Classification     London London Journal article 26/07/2001   ABS64309 113819-1001 06/08/2019 1 06/08/2019 Journal article